Na terra dos gorilas (Record no. 112458)

MARC details
000 -LÍDER
campo de controle de tamanho fixo 00593 a2200229 4500
001 - NÚMERO DE CONTROLE
campo de controle 112458
003 - IDENTIFICADOR DO NÚMERO DE CONTROLE
campo de controle OSt
005 - DATA E HORÁRIO DA ÚLTIMA TRANSAÇÃO
campo de controle 20240405150046.0
008 - CAMPO DE DADOS FIXOS--INFORMAÇÃO GERAL
campo de controle de tamanho fixo 240405b |||||||| |||| 00| 0 POR d
020 ## - ISBN - INTERNATIONAL STANDARD BOOK NUMBER
ISBN - International Standard Book Number 9788506056189
040 ## - FONTE DA CATALOGAÇÃO
Instituição da catalogação original BR-BrIDEA
Instituição que transcreveu o registro BR-BrIDEA
041 ## - CÓDIGO DE IDIOMA
Código do idioma do texto/trilha sonora ou título diferente por
082 ## - CDD - CLASSIFICAÇÃO DECIMAL DE DEWEY
Número de Classificação 028.5
090 ## - NÚMERO DE CHAMADA LOCAL
Número de chamada (OCLC) (R); Número de chamada, CALL (RLIN) (NR) P Year 8 028 BAR
100 ## - ENTRADA PRINCIPAL--NOME PESSOAL
Nome pessoal Barbosa, Rogério Andrade.
245 10 - TÍTULO
Título Na terra dos gorilas
Indicação de responsabilidade, etc. Rogério Andrade Barbosa
250 ## - EDIÇÃO
Edição 3. ed.
260 ## - PUBLICAÇÃO, DISTRIBUIÇÃO, ETC.
Local de publicação, distribuição, etc. [S.l.]
Nome do editor, distribuidor, etc. Melhoramentos
Data da publicação, distribuição, etc. 2009
697 ## - ENTRADA DE ASSUNTO LOCAL--ENTIDADE COLETIVA (RLIN)
Nome corporativo ou nome da jurisdição Literatura infantojuvenil.
856 ## - LOCALIZAÇÃO ELETRÔNICA E ACESSO
Uniform Resource Identifier <a href="000021/00002143.jpg">000021/00002143.jpg</a>
942 ## - ELEMENTOS DE ENTRADA ADICIONADOS (KOHA)
Tipo de material Koha Livros
Fonte da classificação ou esquema de arquivamento na estante
Holdings
Situação do descarte Situação das perdas Fonte da classificação ou esquema de arquivamento na estante Situação física Não pode ser emprestado Biblioteca de origem Biblioteca atual Data de aquisição Total de empréstimos Número de chamada completo Código de barras Data de último acesso Data do preço efetivo Tipo de material Koha Devolução em Data do último empréstimo
    Classificação Decimal de Dewey     ECB - SUDOESTE ECB - SUDOESTE 22/01/2020   P Year 7 028 BAR 00047889SSW 23/01/2024 23/01/2024 Livros    
    Classificação Decimal de Dewey     ECB - SUDOESTE ECB - SUDOESTE 22/01/2020 1 P Year 7 028 BAR 00047890SSW 01/02/2024 23/01/2024 Livros 01/04/2024 01/02/2024
    Classificação Decimal de Dewey     ECB - SUDOESTE ECB - SUDOESTE 13/12/2018   P Year 8 028 00039665SSW 23/01/2024 23/01/2024 Livros    
    Classificação Decimal de Dewey     ECB - ÁGUAS CLARAS ECB - ÁGUAS CLARAS 22/01/2020   AP Year 7 028 BAR 00047888AGC 23/01/2024 23/01/2024 Livros